Gaming Quiz

Random Gaming or Video Games Quiz

Brave Frontier All 6 Stars Fire Units (Global) Quiz Stats

 Plays Quiz not verified by Sporcle

Score 0/19 Timer 10:00
0 Plays Today
Hint Answer % Correct
Holy FlameVargas
100%
Crimson HoodCiara
84.6%
Ace ChefLancia
82.1%
CyclopeanUltor
82.1%
Defiant GodLuther
79.5%
Fire SambaRamna
79.5%
Blazing KnightAgni
76.9%
Ember CharmFiora
76.9%
Drake AngelAisha
74.4%
Red SwordsmanFarlon
74.4%
Hint Answer % Correct
Goddess AxeMichelle
64.1%
Rakshasa LordVishra
64.1%
God EmperorOrwen
61.5%
RebornPhoenix
61.5%
Inferno PrincessDia
53.8%
GuardianDarvanshel
46.2%
A disastrous beastBordebegia
33.3%
Phoenix GodArux
5.1%
Fire GoddessUkina
2.6%

You're not logged in!

Compare scores with friends on all Sporcle quizzes.
OR
Log In

Sporcle TV

Today on Sporcle TV


Watch our educational content, quiz creation guides, and fun videos on Sporcle TV.

Show Comments

Extras

Top Quizzes Today


Score Distribution

Your Account Isn't Verified!

In order to create a playlist on Sporcle, you need to verify the email address you used during registration. Go to your Sporcle Settings to finish the process.

Report this User

Report this user for behavior that violates our Community Guidelines.

Details: